| 000 | 00530nam a2200193Ia 4500 | ||
|---|---|---|---|
| 005 | 20250508160756.0 | ||
| 008 | 008 250505s9999 xx 000 0 eng d | ||
| 020 | _a0-210-22378-2 | ||
| 037 | _aTextual | ||
| 040 |
_aFEDL _beng _cFEDL |
||
| 041 |
_aeng _2eng |
||
| 084 |
_a376.954, MAT _qFEDL |
||
| 100 | _aMathur Y B | ||
| 245 | 0 | _aWomen's education in India 1813-1966 | |
| 260 |
_aDelhi, India _bThe University Press _c1973 |
||
| 300 | _a208p | ||
| 942 |
_cTEXL _h376.954, MAT |
||
| 999 |
_c1366553 _d1366553 |
||